00438cam a2200157ua 45000010005000000080039000050400009000440820013000531000018000662450062000842500009001462600050001553000016002056530013002216530046002343541111121n ii |||gr||||Z||||||asm cMAIN a891.4518 aSarma, Sashi,11aJaruri abastat asamiya budhijibir bhumikacby Sashi Sarma a1st. aKolkatta:bSree bhumi publishing company,977. a37p:c23cm. aAssamese aJaruri abastat asamiya budhijibir bhumika